000 00572nam a22001817a 4500
005 20250215064447.0
008 250215b |||||||| |||| 00| 0 eng d
040 _aIN-DiNC
_cIN-DiNC
041 _dasm
082 _a891.4513
_bBRA
245 _aBrahmaputra upatyakar nirbasita galpaguchcha/
_ced. by Prag Kumar Bhattacharyya
260 _aJorhat:
_bAsam Sahitya Sabha,
_c2014.
300 _a530p.
650 _aSelected short stories of Brahmaputra valley
700 _aBhattacharyya, Parag Kumar
_eEditor
700 _aRajbanshi, Paramananda
_eEditor
942 _2ddc
_cBK
999 _c12034
_d12034